[Event "Pardubice op-A"]
[Site "Pardubice"]
[Date "2006.07.26"]
[Round "6"]
[White "Minosjan, Artur"]
[Black "Prenzler, Daniel"]
[Result "1/2-1/2"]
[WhiteElo "2274"]
[BlackElo "2197"]
[PlyCount "35"]
[EventDate "2006.07.21"]
[EventType "swiss"]
[EventRounds "9"]
[EventCountry "CZE"]
[SourceTitle "CBM 113 Extra"]
[Source "ChessBase"]
[SourceDate "2006.09.14"]
[SourceVersion "1"]
[SourceVersionDate "2006.09.14"]
[SourceQuality "1"]

1. e4 e6 2. d3 d5 3. Nd2 Nf6 4. Ngf3 Bc5 5. e5 Nfd7 6. d4 Bb6 7. c3 c5 8. Nb3 Nc6 9. Be3 cxd4 10. cxd4 f6 11. exf6 Nxf6 12. Bd3 0-0 13. 0-0 Bd7 14. Ne5 Be8 15. Rc1 Bc7 16. f4 Bh5 17. Qc2 Bxe5 18. fxe5 1/2-1/2

[Event "Werther Schloss op-A 12th"]
[Site "Werther"]
[Date "2006.04.09"]
[Round "6"]
[White "Souleidis, Georgios"]
[Black "Minosjan, Artur"]
[Result "1-0"]
[WhiteElo "2435"]
[BlackElo "2028"]
[PlyCount "97"]
[EventDate "2006.04.06"]
[EventType "swiss"]
[EventRounds "7"]
[EventCountry "GER"]
[SourceTitle "CBM 111 Extra"]
[Source "ChessBase"]
[SourceDate "2006.05.09"]
[SourceVersion "1"]
[SourceVersionDate "2006.05.09"]
[SourceQuality "1"]

1. e4 d6 2. d4 Nf6 3. Nc3 g6 4. Nf3 Bg7 5. Be2 0-0 6. 0-0 Bg4 7. h3 Bxf3 8. Bxf3 Nc6 9. Ne2 e5 10. c3 Nd7 11. b4 Qe8 12. Rb1 Kh8 13. Qc2 Nb6 14. d5 Nd8 15. c4 Qe7 16. c5 Nc8 17. Bd2 f5 18. Rb3 c6 19. dxc6 bxc6 20. cxd6 Nxd6 21. Be3 Rc8 22. Rd1 Ne6 23. Bc5 Nxc5 24. Qxc5 Rfd8 25. Ra3 Rd7 26. exf5 Nxf5 27. Rxd7 Qxd7 28. Rxa7 Qd1+ 29. Kh2 e4 30. Bg4 e3 31. fxe3 Rf8 32. Ng3 Qd6 33. Bxf5 Qxc5 34. bxc5 gxf5 35. Nh5 Be5+ 36. g3 Kg8 37. Ra6 Rc8 38. Kg2 Rc7 39. Kf3 Kf7 40. Nf4 Ke7 41. Nd3 Bc3 42. e4 Ke6 43. a4 Bd2 44. a5 h6 45. Ra8 Re7 46. a6 fxe4+ 47. Kxe4 Kf7+ 48. Ne5+ Kg7 49. Rd8 1-0

[Event "Werther Schloss op-A 12th"]
[Site "Werther"]
[Date "2006.04.08"]
[Round "5"]
[White "Minosjan, Artur"]
[Black "Gazic, Josip"]
[Result "1/2-1/2"]
[WhiteElo "2028"]
[BlackElo "2266"]
[PlyCount "129"]
[EventDate "2006.04.06"]
[EventType "swiss"]
[EventRounds "7"]
[EventCountry "GER"]
[SourceTitle "CBM 111 Extra"]
[Source "ChessBase"]
[SourceDate "2006.05.09"]
[SourceVersion "1"]
[SourceVersionDate "2006.05.09"]
[SourceQuality "1"]

1. e4 d6 2. d4 Nd7 3. Be3 Ngf6 4. f3 e5 5. d5 c6 6. c4 Qc7 7. Nc3 a5 8. Nh3 Be7 9. Nf2 0-0 10. Nd3 b6 11. Qa4 Bb7 12. g4 Nc5 13. Nxc5 bxc5 14. h4 Nd7 15. Qc2 Nb6 16. dxc6 Bxc6 17. a4 Qb7 18. Nb5 Bxb5 19. axb5 a4 20. Ra3 Rfe8 21. Kf2 Qd7 22. Be2 Qe6 23. Kg3 Kh8 24. Rha1 Rg8 25. b3 axb3 26. Qxb3 Rab8 27. Ra7 g6 28. Bd2 f5 29. Bg5 f4+ 30. Kg2 Bf8 31. Rc7 h6 32. Raa7 Rg7 33. Rxg7 Bxg7 34. Bxh6 Bxh6 35. Qa2 Bf8 36. Bf1 Be7 37. g5 Kg7 38. Rc7 Ra8 39. Ra7 Rh8 40. Qa6 Rxh4 41. Kg1 Nc8 42. b6 Nxa7 43. bxa7 Rh8 44. Qb7 Re8 45. a8Q Rxa8 46. Qxa8 Bxg5 47. Qd5 Qd7 48. Qd2 Bh4 49. Qd1 Bg3 50. Qd2 Kh6 51. Qg2 Kg5 52. Qh3 Qe8 53. Qg4+ Kf6 54. Bh3 Qb8 55. Qe6+ Kg5 56. Bf1 Qc7 57. Bh3 Qd8 58. Qd7 Qb8 59. Bf1 Kf6 60. Bh3 Bh4 61. Bf1 Be1 62. Bh3 Bc3 63. Qe6+ Kg5 64. Qe7+ Kh6 65. Qh4+ 1/2-1/2

[Event "Werther Schloss op-A 12th"]
[Site "Werther"]
[Date "2006.04.07"]
[Round "3"]
[White "Minosjan, Artur"]
[Black "Masio, Andreas"]
[Result "1-0"]
[WhiteElo "2028"]
[BlackElo "2185"]
[PlyCount "101"]
[EventDate "2006.04.06"]
[EventType "swiss"]
[EventRounds "7"]
[EventCountry "GER"]
[SourceTitle "CBM 111 Extra"]
[Source "ChessBase"]
[SourceDate "2006.05.09"]
[SourceVersion "1"]
[SourceVersionDate "2006.05.09"]
[SourceQuality "1"]

1. e4 c5 2. Nf3 Nc6 3. d4 cxd4 4. Nxd4 Nf6 5. Nc3 e5 6. Ndb5 d6 7. Bg5 a6 8. Na3 b5 9. Nd5 Qa5+ 10. Bd2 Qd8 11. Bg5 Be7 12. Bxf6 Bxf6 13. c3 0-0 14. Nc2 Bg5 15. a4 bxa4 16. Rxa4 Rb8 17. b4 Ne7 18. Bxa6 Nxd5 19. Qxd5 Be6 20. Qd3 Qc7 21. Ne3 Bxe3 22. Qxe3 Bc4 23. Bxc4 Qxc4 24. Kd2 Rbd8 25. Qd3 Qb3 26. Ra5 Rc8 27. Rb1 Qe6 28. Ke2 Ra8 29. Rba1 Rxa5 30. Rxa5 h6 31. h3 Qg6 32. b5 d5 33. exd5 e4 34. Qe3 Qh5+ 35. g4 Qxd5 36. Qd4 Qb3 37. Qxe4 g6 38. Ra8 Qxb5+ 39. c4 Qb2+ 40. Kf1 Rxa8 41. Qxa8+ Kg7 42. Qd5 Qb3 43. Kg2 Kf6 44. Qf3+ Qxf3+ 45. Kxf3 Ke5 46. Ke3 g5 47. Kd3 f5 48. gxf5 Kxf5 49. c5 h5 50. c6 Ke6 51. Ke4 1-0